| 000 | 00438nam a22001697a 4500 | ||
|---|---|---|---|
| 005 | 20250318165236.0 | ||
| 008 | 250318b |||||||| |||| 00| 0 eng d | ||
| 020 | _a9781526497369 | ||
| 041 | _aEng | ||
| 082 | _a001.42 PAD | ||
| 100 | _aPadros, Cecilia Vindrola | ||
| 245 | _aDoing Rapid Qualitative Research | ||
| 260 |
_aLondon _bSage Publication _c2021 |
||
| 300 | _a179;. P. 24 cm | ||
| 650 | _aResearch-Methodology | ||
| 942 | _cBK | ||
| 999 |
_c43342 _d43342 |
||